000
00277nam a22001217a 4500
003
SGT
082
_a
338.5
_b
DWI
100
_a
DWAIVEDI, D.N.
245
_a
MICROECONOMICS THEORY AND APPLICATIONS
260
_a
INDIA
_b
VIKASH PUB.
_c
2020
300
_a
651
942
_2
ddc
_c
BK
_0
44
999
_c
22228
_d
22228